UM Logo

Waste Oil Management and Disposal Practices of Auto Repair Shops and Motorcycle Repair Shops in Selected Barangays in Digos City (Record no. 6400)

MARC details
000 -LEADER
fixed length control field 00679nam a22001577a 4500
008 - FIXED-LENGTH DATA ELEMENTS--GENERAL INFORMATION
fixed length control field 170309b xxu||||| |||| 00| 0 eng d
082 ## - DEWEY DECIMAL CLASSIFICATION NUMBER
Edition number 2016
Classification number UT 0722
Item number Ar21
100 ## - MAIN ENTRY--PERSONAL NAME
9 (RLIN) 19321
Personal name Arcayda, Alma Mae S.
245 ## - TITLE STATEMENT
Title Waste Oil Management and Disposal Practices of Auto Repair Shops and Motorcycle Repair Shops in Selected Barangays in Digos City
Statement of responsibility, etc. Alma Mae S. Arcayda, Jenny Rey P. Ordaniza and Noveia Clowie J. Trugillo.
300 ## - PHYSICAL DESCRIPTION
Extent 62 pages;
Other physical details 29 cm.
650 #0 - SUBJECT ADDED ENTRY--TOPICAL TERM
9 (RLIN) 19322
Topical term or geographic name as entry element Education
Form subdivision Biological Science
General subdivision Undergraduate Thesis
700 ## - ADDED ENTRY--PERSONAL NAME
9 (RLIN) 19324
Personal name Arcayda, Alma Mae S.
700 ## - ADDED ENTRY--PERSONAL NAME
9 (RLIN) 19325
Personal name Ordaniza, Jenny Rey P.
700 ## - ADDED ENTRY--PERSONAL NAME
9 (RLIN) 19326
Personal name Trugillo, Noveia Clowie J.
942 ## - ADDED ENTRY ELEMENTS (KOHA)
Source of classification or shelving scheme Dewey Decimal Classification
Koha item type Undergraduate Thesis
Holdings
Withdrawn status Lost status Source of classification or shelving scheme Damaged status Not for loan Home library Current library Date acquired Total Checkouts Full call number Barcode Date last seen Price effective from Koha item type
    Dewey Decimal Classification     UM Digos College - LIC UM Digos College - LIC 11/07/2016   UT 0722 Ar21 2016 UT0722 03/09/2017 03/09/2017 Undergraduate Thesis